The lady of the lake
Gorde:
| Egile nagusia: | |
|---|---|
| Formatua: | Liburua |
| Hizkuntza: | ingelesa |
| Argitaratua: |
Cambridge
Cambridge University Press
1917
|
| Edizioa: | 1a. ed |
| Gaiak: | |
| Etiketak: |
Etiketa erantsi
Etiketarik gabe, Izan zaitez lehena erregistro honi etiketa jartzen!
|
MARC
| LEADER | 00000cam a2200000 a 4500 | ||
|---|---|---|---|
| 001 | UCC3836 | ||
| 003 | CL-VaPUC | ||
| 008 | 180622e19170000uk |||||||||||||||||eng|d | ||
| 082 | 0 | 4 | |a 821 |b SCO |2 21 |
| 100 | 0 | |a Scott, Walter |e author |9 354318 | |
| 245 | 1 | 4 | |a The lady of the lake |
| 250 | |a 1a. ed | ||
| 300 | |a 238 p | ||
| 942 | |c BK | ||
| 945 | |d 20180622 13:48:00 |a dcastane | ||
| 260 | |a Cambridge |b Cambridge University Press |c 1917 | ||
| 650 | 0 | |a Poesías inglesas |9 265094 | |
| 650 | 0 | |a Literatura inglesa |9 312907 | |
| 583 | |a last modification |c 20180622 13:48:00 |k Rodrigo Vera | ||
| 999 | |c 371504 |d 371502 | ||
| 952 | |0 0 |1 0 |3 erd |4 0 |6 821_000000000000000_SCO_1917 |7 0 |8 P |9 488510 |a BIBEDU |b BIBEDU |c BIBEDU_PB |i 5476607 |o 821 SCO 1917 |p 5476607 |r 2024-01-25 |w 2019-11-24 |y BK |z Catalogado en:20180622 |k LIT | ||